000 00353nam a22001337a 4500
005 20250901165817.0
008 250402b |||||||| |||| 00| 0 eng d
020 _a9789966773999
050 _aPL 8704 .W36 2014
245 _aMWANDISHI MSOMAJI NA MCHAPISHAJI
_cWAMITILA KW
260 _aNAIROBI
_bVIDE MUWA PUBLISHERS
_c2014
300 _a158
942 _2lcc
999 _c9511
_d9511